The power of positive profit : How you can improve any bottom line in sales, marketing, and management with MoneyMath
In The Power of Positive Profit, business expert Graham Foster attacks the issue of false business success promoted through volume selling, cost cutting, or both, and offers powerful business lessons and breakthroughs for making an appropriate profit while maintaining or even sharpening your competi...
Salvato in:
| Autore principale: | |
|---|---|
| Natura: | Libro |
| Lingua: | Undetermined |
| Pubblicazione: |
Hoboken, N.J.
Wiley
2007
|
| Soggetti: | |
| Tags: |
Aggiungi Tag
Nessun Tag, puoi essere il primo ad aggiungerne! !
|
| Thư viện lưu trữ: | Trung tâm Học liệu Trường Đại học Cần Thơ |
|---|
| LEADER | 00953nam a2200217Ia 4500 | ||
|---|---|---|---|
| 001 | CTU_157202 | ||
| 008 | 210402s9999 xx 000 0 und d | ||
| 020 | |c 27.95 | ||
| 082 | |a 658.155 | ||
| 082 | |b F754 | ||
| 100 | |a Foster, Graham | ||
| 245 | 4 | |a The power of positive profit : | |
| 245 | 0 | |b How you can improve any bottom line in sales, marketing, and management with MoneyMath | |
| 245 | 0 | |c Graham Foster | |
| 260 | |a Hoboken, N.J. | ||
| 260 | |b Wiley | ||
| 260 | |c 2007 | ||
| 520 | |a In The Power of Positive Profit, business expert Graham Foster attacks the issue of false business success promoted through volume selling, cost cutting, or both, and offers powerful business lessons and breakthroughs for making an appropriate profit while maintaining or even sharpening your competitive edge. | ||
| 650 | |a Corporate profits,Sales management,Cost control | ||
| 904 | |i Tuyến | ||
| 980 | |a Trung tâm Học liệu Trường Đại học Cần Thơ | ||